[Event "Havana"]
[Site "Havana"]
[Date "1983.??.??"]
[Round "4"]
[White "Sisniega, Marcel"]
[Black "Remon, Adelquis"]
[Result "1-0"]
[WhiteElo "2455"]
[BlackElo "2375"]
[Annotator "Belov,I"]
[PlyCount "87"]
[EventDate "1983.??.??"]
[EventType "tourn"]
[EventRounds "13"]
[EventCountry "CUB"]
[EventCategory "7"]
[SourceTitle "MCL"]
[Source "ChessBase"]
[SourceDate "1999.07.01"]
[SourceVersion "1"]
[SourceVersionDate "1999.07.01"]
[SourceQuality "1"]

1. c4 e5 2. Nc3 d6 3. g3 f5 (3... Nc6 $5) (3... g6 4. d4 Nd7) 4. Bg2 (4. d4
$142 Be7 5. dxe5 dxe5 6. Qxd8+ Bxd8 7. Bg2 Nf6 8. b3 $14 {Taimanov,M-Vaganian,
R/Leningrad/1977/}) 4... Nf6 5. d4 $5 (5. e3 c6 6. Nge2 Be6 7. d3 Be7 8. f4 $1
O-O 9. O-O $14 {Damljanovic,B-Kupreichik,V/JUG/1993/1:0/42/}) (5. d3 Be7 6. f4
$5 exf4 7. gxf4 c6 8. Nf3 Qb6 9. e3 O-O 10. O-O Kh8 11. Kh1 $14 {Serper,
G-Yermolinsky,G/Manila ol/1992/1:0/40/}) 5... e4 (5... Be7 6. dxe5 dxe5 7.
Qxd8+ $14) (5... c6 6. Nf3 $5 e4 7. Ng5 d5 $6 (7... Be7 $14) 8. cxd5 cxd5 9.
Nh3 $1 Nc6 10. Bg5 $16 {Lautier,J-Gurevich,M/FRA/1993/1:0/56/}) 6. f3 exf3 7.
Nxf3 g6 8. O-O Bg7 9. Bg5 $5 (9. e4 fxe4 10. Ng5 O-O 11. Ngxe4 Nxe4 12. Rxf8+
Qxf8 13. Nxe4 Nc6 14. Be3 Bf5 $13 {Toran,A-Tal,M/Oberhausen/1961/}) (9. d5 O-O
$13) 9... O-O 10. e4 h6 (10... fxe4 11. Nxe4 Bf5 12. Nxf6+ Bxf6 13. Qd2 $14)
11. Bxf6 Qxf6 (11... Bxf6 12. Qd2 Kh7 13. Rae1 Nc6 14. Nd5 $14) 12. exf5 (12.
Qd2 Nc6 13. Nd5 Qd8 $13) 12... Bxf5 13. Nd5 Qd8 14. Nh4 Nc6 $132 15. Nxf5 Rxf5
16. Rxf5 gxf5 17. Nf4 Qf6 $6 (17... Nxd4 $6 18. Bxb7 Rb8 19. Bd5+ Kh7 20. Rb1
$16) (17... Bxd4+ $5 18. Kh1 Qf6 19. Ne6 $1 Bxb2 20. Rb1 Rc8 21. Qc2 Be5 22.
Rxb7 Nd4 $13) 18. Ne6 $1 Nxd4 (18... Rc8 19. d5 Nd4 20. Nxg7 $16) 19. Nxc7 Rf8
20. Nd5 Qe5 21. Kh1 (21. Nf4 $5 $16) 21... Ne6 22. Qh5 $1 Nc5 (22... Qxb2 23.
Re1 Ng5 24. Ne7+ Kh7 25. h4 $16) 23. Rf1 Kh7 24. b3 b6 25. Qf3 Ne6 (25... Ne4
$5) 26. Qd3 Qd4 $6 (26... Nc5 $142 27. Qc2 Kh8 28. b4 Ne4 $16) 27. Qc2 Qb2 28.
Qxb2 Bxb2 29. Ne7 Ng7 30. Be4 Rf7 31. Bxf5+ $1 Nxf5 (31... Kh8 32. Ng6+ Kh7 33.
Nh4+ Kh8 34. Bd3) 32. Nxf5 $18 Be5 33. Kg2 a5 34. Ne3 Rb7 35. a4 Kg6 36. Nd5
Bd4 37. Rf4 Bc5 38. Kf3 Rb8 39. Re4 Rf8+ 40. Nf4+ Kf5 41. Re6 h5 42. h3 Rg8 43.
Re2 Rh8 (43... Kg5 44. h4+ Kh6 45. Re6+ Kh7 46. Nxh5) 44. Nxh5 1-0

[Event "Protvino zt"]
[Site "Protvino"]
[Date "1993.??.??"]
[Round "?"]
[White "Lputian, Smbat G"]
[Black "Minasian, Artashes"]
[Result "1-0"]
[WhiteElo "2610"]
[BlackElo "2545"]
[Annotator "Belov,I"]
[PlyCount "71"]
[EventDate "1993.03.??"]
[EventType "tourn"]
[EventRounds "9"]
[EventCountry "RUS"]
[EventCategory "10"]
[SourceTitle "CBM 035"]
[Source "ChessBase"]
[SourceDate "1993.08.01"]
[SourceVersion "1"]
[SourceVersionDate "1993.08.01"]
[SourceQuality "1"]

1. d4 d6 2. c4 e5 3. Nf3 e4 4. Ng5 f5 5. Nh3 Be7 (5... c6 6. Nc3 Na6 (6... Nf6
7. e3 g6 8. Nf4 Bg7 9. h4 O-O 10. Be2 Na6 11. Rb1 Nc7 12. b4 Ne6 $10 {Campos
Moreno-Speelman,J/Manila ol/1992/}) 7. g3 g6 $5 8. Nf4 Nf6 9. h4 Nc7 10. d5 Bd7
11. Bg2 c5 12. f3 Qe7 13. fxe4 fxe4 14. Qc2 Bf5 $13 {Lputian,Sm-Hansen,Cu/Wijk
aan Zee/1993/}) 6. Nc3 c6 7. g3 {Lputian,Sm} Nf6 (7... Na6 8. Bg2 Nc7 9. f3 $5
exf3 10. exf3 Bf6 11. Nf4 g6 12. O-O Ne7 13. d5 $14 {Lputian,Sm-Mokry,K/Manila
ol/1992/}) 8. Bg5 $146 (8. Bg2 O-O 9. O-O Kh8 (9... Na6 10. d5 c5 (10... Kh8
11. Kh1 Bd7 12. f3 cxd5 13. cxd5 Qb6 14. Nf4 Rae8 15. b3 Bd8 $14 {Pinter,
J-Speelman,J/Debrecen/1992/}) 11. f3 exf3 12. exf3 Nc7 13. Re1 Re8 14. Qc2 Bd7
15. a4 Nh5 16. Be3 Bf6 17. Kh1 g6 18. f4 $14 {Lautier,J-Magem,B/Pamplona/1992/}
) 10. d5 Nbd7 11. b3 Ne5 12. Bb2 {Lautier,J-Kramnik,V/Chalkidiki/1992/} a5 13.
dxc6 bxc6 14. c5 Neg4 $5 15. cxd6 Bxd6 $13 {Kramnik,V}) 8... Ng4 (8... O-O 9.
e3 Na6) 9. Bxe7 Qxe7 10. e3 g5 11. Qd2 $14 Na6 12. O-O-O $1 Bd7 $6 (12... Nc7
$142 13. Ng1 O-O $5 14. h3 Nf6 15. h4 h6 $14) 13. c5 $1 dxc5 (13... d5 14. Bxa6
bxa6 15. Ng1 $16) (13... Nc7 $2 14. cxd6 Qxd6 15. Nxg5 $18) 14. Bxa6 bxa6 15.
Na4 $1 $16 Be6 (15... cxd4 16. Qxd4 Ne5 $8 17. Nxg5 $16) 16. Nxc5 Bd5 (16...
Bxa2 $2 17. b3 $18) 17. Kb1 Rb8 18. Rc1 O-O 19. Ng1 Rb5 20. h3 Ne5 (20... Nf6
21. Ne2 Rfb8 22. Rc2 $16) 21. dxe5 Rxc5 22. Rxc5 Qxc5 23. Ne2 Qe7 (23... Bc4 $5
24. Qd4 (24. Qc3 $2 Bd3+ 25. Ka1 Qxc3 26. Nxc3 Re8 $15) 24... Bd3+ 25. Ka1 Qe7
(25... Qxd4 26. Nxd4 $16) 26. Nc1 Rd8 27. Qc3 Qe6 28. f4 $1 $16) 24. Qc3 Re8
25. Rc1 Qxe5 26. Nd4 $1 $16 (26. Qxe5 Rxe5 27. Nd4 Kf7 28. Nxc6 Bxc6 29. Rxc6
Re6 $14) 26... Rc8 27. Qc5 Rc7 28. b3 f4 $142 $6 (28... Kf7 29. Qa5 Kf6 $14)
29. gxf4 gxf4 30. Qa5 {/\ 31.Nc6} fxe3 31. fxe3 Qh2 32. Nf5 $18 h5 33. Qb4 c5
34. Qb8+ Kh7 35. Qf8 {/\ 36.Rc5 Rc5 37.Qg7#} Qg2 36. Qd6 1-0

[Event "Poikovsky Karpov 17th"]
[Site "Poikovsky"]
[Date "2016.07.30"]
[Round "7"]
[White "Kovalenko, Igor"]
[Black "Wojtaszek, Radoslaw"]
[Result "1/2-1/2"]
[WhiteElo "2667"]
[BlackElo "2733"]
[Annotator "Besenthal,K"]
[PlyCount "197"]
[EventDate "2016.07.23"]
[EventType "tourn"]
[EventRounds "9"]
[EventCountry "RUS"]
[EventCategory "18"]
[SourceTitle "CBM 174"]
[Source "ChessBase"]
[SourceDate "2016.09.13"]
[SourceVersion "1"]
[SourceVersionDate "2016.09.13"]
[SourceQuality "1"]

1. c4 e5 2. Nc3 Bb4 3. Nd5 Bc5 4. e3 Nf6 5. b4 Be7 6. Nxe7 Qxe7 {Diagramm [#]
Eine äußerst ungewöhnliche Eröffnungsbehandlung - Referenzpartien gibt es
bereits zu dieser Stellung gar nicht mehr.} 7. Bb2 O-O 8. Nf3 e4 9. Nd4 d6 10.
f4 c5 11. bxc5 dxc5 12. Ne2 $6 {"Gefühlt" ist Weiß von nun an der
Verteidiger - und soll das auch noch fast 90 Züge lang bleiben!} (12. Nb5 $1)
12... Nc6 13. Ng3 Ng4 14. Be2 Qh4 15. Bc3 b6 16. Kf1 Re8 17. Kg1 Bd7 18. a3
Rad8 19. Qe1 f6 20. h3 Nh6 21. Kh2 Bg4 {Diagramm [#]} 22. Rf1 ({Wenn Weiß die
ganze Partie aktiver angegangen wäre, dann hätte er hier sicherlich} 22. Nf5
$1 $11 {gefunden!}) 22... Bxe2 23. Qxe2 f5 24. Qe1 Re6 25. Nh1 Qxe1 26. Rfxe1
g6 27. Rg1 Na5 28. Bxa5 bxa5 29. Ra2 Nf7 30. Rc1 Rb6 {Diagramm [#] Die weißen
Türme sind an schwache Bauern gebunden.} 31. g4 Rdb8 32. Rcc2 Rb1 33. Ng3 Nd6
34. Kg2 Kf7 {Diagramm [#]} 35. Kf2 $2 (35. Ne2 $1 fxg4 36. hxg4 h5 37. Nc3 R1b7
38. Kg3 $15) 35... Ke6 $6 (35... fxg4 $1 36. hxg4 h5 $1 {Falls jetzt} 37. gxh5
gxh5 38. Nxh5 {so} Rh8) 36. g5 {Kovalenko sieht die Gefahr jetzt doch.} Rd1 37.
Ke2 Rg1 38. Kf2 Rbb1 39. h4 a4 40. Rc3 Ra1 41. Rxa1 Rxa1 42. Ne2 Nb7 43. Nc1
Na5 44. Ke2 Rb1 {Diagramm [#] Kovalenko verteidigt über einen langen Zeitraum
rein passiv und man kann es kaum glauben, dass dies am Ende zum Erfolg führen
könnte.} 45. Rc2 (45. d3 $6) 45... Nb3 46. Na2 Ra1 47. Kf2 Kd7 48. Rb2 Kc6 49.
Rc2 Rd1 50. Ke2 Rh1 51. Nc3 {Diagramm [#]} Rh2+ ({Mit} 51... Nd4+ 52. exd4 cxd4
53. Nxe4 fxe4 {hätte Schwarz hier sofort einen "Durchbruch" erzielen können.}
) 52. Ke1 Nc1 53. Kf1 Nd3 54. Ra2 Rxh4 55. Kg2 {Der schwarze Vorteil ist
kleiner geworden...} h6 56. gxh6 Rxh6 57. Nxa4 g5 58. fxg5 Rg6 59. Ra1 Rxg5+
60. Kh3 Ne5 61. Rc1 Nf3 62. Rc2 ({Vielleicht besser} 62. Rd1) 62... Kd6 63. Rb2
Rg8 {Diagramm [#]} 64. Rb7 $2 {Nach stundenlanger passiver Verteidigung
verliert Weiß die Nerven.} (64. Rb1) (64. Nc3) 64... Nxd2 {Schwarz steht
jetzt klar auf Gewinn.} 65. Rf7 Ke5 66. Rc7 Nf1 67. Rxc5+ Kf6 68. Nc3 Nxe3 69.
Ne2 Rg2 70. Nf4 Rc2 71. Ra5 Rf2 72. Ra6+ Ke5 73. Ng6+ Kd4 74. Rxa7 Nxc4 75.
Rd7+ Kc3 76. Rc7 e3 77. Kg3 Rf1 78. Nf4 {Diagramm [#]} Kb3 $2 {Das ist wohl
ganz falsch: Der schwarze König läuft von seinen Freibauern weg, statt diese
zu unterstützen.} (78... Kd4 $1) 79. Ne2 $2 {Auch das ist nicht gut.} (79. Re7
Kc2 80. a4 {gleichwohl natürlich auch dies mit schwarzem Vorteil.}) 79... Rf2
80. Nd4+ Kc3 81. Ne6 {Diagramm [#]} Ra2 $2 (81... Kd2 $1) 82. Nf4 Kd4 83. Ne6+
Kd5 84. Nf4+ Kd4 85. Ne6+ Kc3 86. Nf4 Rc2 87. Rc5 Kd4 88. Rxf5 {Diagramm [#]
Jetzt ist die Partie für Schwarz nicht mehr zu gewinnen: In der größten Not
könnte Weiß jetzt sogar noch den Springer für den Bauern geben, denn T+S
gegen T ist in der Regel remis.} Nd2 89. Rf8 Nf1+ 90. Kg4 Rf2 91. Rd8+ Kc4 92.
Rc8+ Kb3 93. Re8 Rd2 94. Re5 Kxa3 95. Nd5 Rg2+ 96. Kf3 Rf2+ 97. Kg4 Nh2+ 98.
Kg3 Nf1+ 99. Kg4 1/2-1/2

[Event "GER CupT sf2"]
[Site "Bremen"]
[Date "1996.??.??"]
[Round "?.3"]
[White "Christiansen, Larry Mark"]
[Black "Blatny, Pavel"]
[Result "0-1"]
[WhiteElo "2580"]
[BlackElo "2515"]
[Annotator "Blatny,P"]
[PlyCount "82"]
[EventDate "1996.??.??"]
[EventType "team"]
[EventRounds "1"]
[EventCountry "GER"]
[SourceTitle "EXT 2004"]
[Source "ChessBase"]
[SourceDate "2003.11.25"]
[SourceVersion "1"]
[SourceVersionDate "2003.11.25"]
[SourceQuality "1"]
[WhiteTeam "Porz"]
[BlackTeam "Werder Bremen"]
[WhiteTeamCountry "GER"]
[BlackTeamCountry "GER"]

1. c4 e5 2. Nc3 d6 3. d4 exd4 4. Qxd4 Nc6 5. Qd2 Be6 $1 6. e4 (6. b3 $142 {
/\ 7.e4} f5 (6... a5 $5)) 6... g6 7. b3 Bh6 $5 8. f4 f5 $1 9. Nf3 (9. Nd5 $6
Bg7 10. Bb2 Nf6 11. exf5 (11. Nxf6+ Bxf6 12. exf5 Bxf5 13. Qe2+ (13. Nf3 $15)
13... Kf7 14. O-O-O Re8 $17) 11... Bxf5 12. Qe2+ $6 (12. Nf3 $15) 12... Kf7 $1
$17) 9... Nf6 10. exf5 (10. Bd3 fxe4 11. Nxe4 Nxe4 12. Bxe4 O-O $36) 10... Bxf5
11. Be2 (11. Qe2+ $2 Kf7 $17) 11... O-O 12. Bb2 $1 (12. O-O Qe7 13. Bb2 Rae8
14. Rae1 Qe3+ 15. Qxe3 Rxe3) 12... Qd7 (12... Qe7 13. Nd5 $1) 13. O-O Rae8 14.
Rae1 Bg7 $1 15. Bd3 $6 (15. Nh4) 15... Bxd3 16. Qxd3 Nb4 $1 17. Qd2 (17. Qb1
Ng4 18. a3) 17... Qf5 18. Nb5 (18. Rxe8 $5 Rxe8 (18... Nxe8 $5 19. g3 Qd3 $132)
19. Nb5) 18... Rxe1 19. Rxe1 $8 Ne4 $1 20. Rxe4 (20. Qxb4 Bxb2 21. Re2 $1 Bc3
$5 (21... c5 22. Qe1 a6 $1 23. Rxe4 (23. Rxb2 axb5) 23... axb5 24. cxb5 d5 $44
(24... Bc3 $5 25. Qe2 d5 $44)) (21... Qxf4 $2 22. Qe1 $18) 22. Nxc3 a5 23. Qxb7
Nxc3 $13) 20... Qxe4 21. Bxg7 Qb1+ $1 22. Kf2 (22. Ne1 Re8 $3 23. Be5 (23. Bc3
$2 Nd3 $1 $19) 23... dxe5 24. Nxc7 (24. Qxb4 exf4 25. Kf1 Qd1 $1 $19) 24... Re7
25. Qxb4 Rxc7 26. fxe5 Qa1 $1 27. e6 Re7 $1 $19) 22... Nd3+ 23. Kg3 (23. Ke3 $2
Re8+ 24. Be5 (24. Kd4 c5+ 25. Kc3 Nb4 $19) 24... dxe5 25. Qxd3 Qxd3+ 26. Kxd3
e4+ $19) 23... Kxg7 24. Nc3 Qf1 25. Nd5 h5 $1 (25... c6 26. Ne3 Qb1 27. Qc3+
Kf7 (27... Kg8 $4 28. Ng4 $40) 28. Qd4 $132) 26. h4 (26. Qc3+ $142 Kh6 27. Qd2
$5 h4+ $5 (27... c6 $140 $6 28. f5+ Kg7 29. Qc3+ Kh7 30. Ng5+ Kh6 31. Nf7+ $1
Rxf7 32. Qh8+ Rh7 $8 (32... Kg5 $2 33. h4+ Kxf5 34. Ne3+) 33. Qf8+ $11) 28.
Nxh4 (28. Kxh4 Nxf4 $3 29. Nxf4 g5+ 30. Nxg5 Qxf4+ 31. Qxf4 Rxf4+ 32. g4 Rf2
$19) 28... c6 29. f5+ g5 30. Nf3 Qf2+ 31. Qxf2 Nxf2 32. Kxf2 cxd5 33. g4 dxc4
34. bxc4 Re8 $17) 26... Nc1 $2 (26... Re8 {/\Re8-e2} 27. Qc3+ Kh6 28. Qf6 $1
$13) (26... c6 27. Ne3 Qb1 28. f5 gxf5 29. Kh2 f4 30. Nc2 Ne5 $19) 27. Qd4+ Kh6
28. Qe3 $1 Ne2+ 29. Kh2 Kg7 $8 30. Ng5 $4 (30. c5 $1 c6 $140 (30... Rf7 31. Ng5
$1 Qe1 32. g3 $1 $18) (30... Qd1 $5) 31. cxd6 $1 cxd5 32. d7 $1) 30... Re8 $1
$19 31. Qxa7 $8 (31. Qxe8 Qg1+ 32. Kh3 Qh1#) 31... Qe1 $1 (31... Nxf4 $4 32.
Qd4+) 32. Nh3 $2 (32. Nf3 Qg3+ 33. Kh1 Kh6 34. Qxb7 Nd4) (32. Nf3 Qg3+ 33. Kh1
Kh6 $1) 32... Qg3+ 33. Kh1 Qe1+ $138 (33... Re4 34. Qxb7 Rd4 35. Qxc7+ Kh6 $19)
34. Kh2 Qg3+ 35. Kh1 Qxh4 (35... Re4) 36. Nxc7 Qe1+ (36... Ng3+ 37. Kh2 Re1 $19
) 37. Kh2 Qg3+ 38. Kh1 Re3 39. Nd5 Qe1+ 40. Kh2 Rxh3+ 41. gxh3 Qg3+ 0-1

[Event "Olympiad-31"]
[Site "Moscow"]
[Date "1994.12.03"]
[Round "3.1"]
[White "Lobron, Eric"]
[Black "Bologan, Viktor"]
[Result "1-0"]
[WhiteElo "2580"]
[BlackElo "2600"]
[Annotator "Bologan,V"]
[PlyCount "79"]
[EventDate "1994.12.01"]
[EventType "team-swiss"]
[EventRounds "14"]
[EventCountry "RUS"]
[SourceTitle "CBM 045"]
[Source "ChessBase"]
[SourceDate "1995.04.01"]
[SourceVersion "1"]
[SourceVersionDate "1995.04.01"]
[SourceQuality "1"]
[WhiteTeam "Germany"]
[BlackTeam "Moldova"]
[WhiteTeamCountry "GER"]
[BlackTeamCountry "MDA"]

1. c4 e5 2. Nc3 Bb4 3. Nd5 Be7 4. d4 d6 5. e3 f5 6. Ne2 Nf6 7. Nec3 O-O 8. Be2
Nxd5 (8... Be6 9. O-O Nbd7 $10) 9. Nxd5 Bg5 10. O-O c6 (10... Nc6 $5) 11. Nc3
Be6 $6 (11... Bf6 $5) 12. e4 $1 Bf6 $2 (12... Bxc1 13. Rxc1 f4 14. d5 Bf7 15.
dxc6 Nxc6 $2 (15... bxc6) 16. Nb5 a6 17. Nxd6 Nd4 18. Nxf7 Rxf7 19. c5 $16) 13.
d5 $14 Bc8 (13... cxd5 14. exf5 Bxf5 15. Qxd5+ $16) 14. exf5 Bxf5 15. Bd3 g6
16. Ne4 (16. Bh6 $5 Rf7 17. Bxf5 gxf5 18. Qh5 $16) 16... Na6 17. Be3 Nc7 18.
Qb3 cxd5 19. cxd5 b6 20. Rac1 Ne8 21. Rc6 Bxe4 22. Bxe4 Bg5 23. Rfc1 Bxe3 24.
Qxe3 Qe7 25. g3 Rd8 26. f3 Nf6 27. Rc7 Rd7 28. Rxd7 Qxd7 29. Rc6 Kg7 $6 (29...
Rc8 30. Qc3 Rxc6 31. dxc6 Qc7 32. Qc4+ Kf8 33. b4 Ke7 $14) 30. b4 Rd8 31. Kg2
Qf7 32. Qd3 Rd7 33. a4 Qe7 34. Qc2 Qf7 35. Qc4 Ng8 36. Rc8 Ne7 $2 37. Ra8 Ng8
38. Qc8 Rc7 39. Qd8 Rd7 40. Qb8 $18 1-0

[Event "EU-chT (Men) 10th"]
[Site "Debrecen"]
[Date "1992.11.??"]
[Round "9.2"]
[White "Sokolov, Ivan"]
[Black "Marin, Mihail"]
[Result "1/2-1/2"]
[WhiteElo "2630"]
[BlackElo "2525"]
[Annotator "Bulletin"]
[PlyCount "64"]
[EventDate "1992.11.20"]
[EventType "team-swiss"]
[EventRounds "9"]
[EventCountry "HUN"]
[SourceTitle "EU-chT"]
[Source "ChessBase"]
[SourceDate "1999.07.01"]
[SourceVersion "2"]
[SourceVersionDate "1999.07.01"]
[SourceQuality "1"]
[WhiteTeam "Bosnia&Herzegovina"]
[BlackTeam "Romania"]
[WhiteTeamCountry "BIH"]
[BlackTeamCountry "ROU"]

1. c4 e5 2. Nc3 d6 3. d4 exd4 4. Qxd4 Nf6 5. e4 Nc6 6. Qd1 $5 (6. Qd2 g6 7. b3
Bg7 8. Bb2 a5 $13) 6... Be6 $5 (6... g6 7. Bd3 $5 Bg7 8. Nge2 O-O (8... Ne5 9.
b3 $14) 9. Bc2 $14) 7. Nf3 (7. Bd3 Ne5 8. Nge2 (8. b3 c6 {/\ d5}) 8... c6 (8...
Nxc4 $6 9. Bxc4 (9. Qa4+ $2 Qd7) 9... Bxc4 10. Qa4+ b5 11. Nxb5 Bxb5 12. Qxb5+
$14 Qd7 $6 13. Qb7)) 7... g6 (7... Ne5 $2 8. Nd4 $16) 8. h3 Bg7 9. Be3 O-O 10.
Be2 Nd7 (10... Ne5 11. Nd2 $14) 11. O-O (11. Rc1 Nce5 12. b3 (12. Nd2 Nc5 13.
Qc2 f5 $36) 12... Nxf3+ 13. Bxf3 c6 $13 14. Qxd6 $6 Qa5) 11... Nb6 (11... Nce5
12. Nd2 $14) 12. Nd5 $1 (12. Nd2 Na5) 12... Bxb2 13. Bg5 f6 14. Bh6 Bxa1 (14...
Re8 15. Rb1 $44) 15. Bxf8 Kxf8 (15... Be5 16. Bh6) 16. Qxa1 Kf7 17. Nd2 {/\ f4}
(17. Nh2 $6 Ne5 18. f4 (18. Qc3 c6 19. Ne3 d5) 18... Nexc4 19. Qc3 c6 20. f5
Bxd5 $17) 17... Nd7 18. f4 Ne7 19. Nf3 {/\ 20. Nf6 Nf6 21. Ng5} Bxd5 $8 20.
cxd5 c6 21. dxc6 bxc6 22. Bc4+ d5 23. Bb3 Nc5 24. e5 f5 $1 (24... Nf5 25. exf6
Qxf6 26. Ne5+ Kg8 27. Rc1 Nxb3 28. axb3 Ne7 29. Nxc6 $1 Qxa1 30. Nxe7+ Kf7 31.
Rxa1 Kxe7 32. Ra6 $16) 25. Ng5+ Kg8 26. e6 Qb6 27. Kh2 Rf8 $1 $8 (27... Nxb3 $4
28. Qf6 $18) 28. Nf7 Rxf7 29. exf7+ Kxf7 30. Qe5 Ne4 $1 {/\ Qe3} 31. Bc2 Nd2 $1
32. Re1 Nf3+ $1 (32... Nf3+ 33. gxf3 Qf2+ $10) 1/2-1/2

[Event "POL-ch 52nd"]
[Site "Warsaw"]
[Date "1995.??.??"]
[Round "10"]
[White "Markowski, Tomasz"]
[Black "Grabarczyk, Bogdan"]
[Result "1-0"]
[WhiteElo "2470"]
[BlackElo "2375"]
[Annotator "Bulletin"]
[PlyCount "89"]
[EventDate "1995.02.11"]
[EventType "tourn"]
[EventRounds "17"]
[EventCountry "POL"]
[EventCategory "8"]
[SourceTitle "EXT 1999"]
[Source "ChessBase"]
[SourceDate "1998.11.16"]
[SourceVersion "1"]
[SourceVersionDate "1998.11.16"]
[SourceQuality "1"]

1. c4 f5 2. g3 Nf6 3. Bg2 e5 4. Nc3 d6 5. e3 Be7 6. Nge2 O-O 7. d3 Nc6 8. O-O
Qe8 9. Bd2 Bd8 10. Nd5 Ne7 11. Rc1 c6 12. Nxe7+ Bxe7 13. b3 d5 14. cxd5 Nxd5
15. b4 Be6 16. a3 Rd8 17. Re1 a6 18. Qc2 Qh5 19. Rcd1 Rf6 20. e4 Nc7 21. d4 $5
exd4 22. Nf4 Qf7 23. e5 Bb3 24. Qb2 Rh6 25. Rb1 Bc4 26. Ne2 g5 27. Nxd4 Bd5 28.
f3 Ne6 (28... Qh5 29. Nxf5 Qxh2+ 30. Kf2 $18) 29. Nxe6 Qxe6 30. Be3 f4 $6 31.
Bb6 (31. gxf4 gxf4 32. Bxf4 Rg6) 31... fxg3 32. hxg3 Rf8 33. Re3 Qf7 34. Rd1
Qh5 35. Rxd5 $1 cxd5 36. Qd4 Qg6 37. Qxd5+ Kh8 38. e6 Qb1+ 39. Kf2 Rh2 40. Qe5+
Kg8 (40... Bf6 41. e7 $18) 41. Re1 Qc2+ 42. Qe2 Rxf3+ $2 43. Kxf3 Rxg2 44. Kxg2
Qc6+ 45. Qf3 1-0

[Event "Yerevan op"]
[Site "Yerevan"]
[Date "1996.??.??"]
[Round "9"]
[White "Minasian, Ara"]
[Black "Kudrin, Sergey"]
[Result "1-0"]
[WhiteElo "2425"]
[BlackElo "2535"]
[Annotator "Chekhov,V"]
[PlyCount "77"]
[EventDate "1996.??.??"]
[EventType "swiss"]
[EventRounds "11"]
[EventCountry "ARM"]
[SourceTitle "CBM 052 Extra"]
[Source "ChessBase"]
[SourceDate "1996.07.01"]
[SourceVersion "1"]
[SourceVersionDate "1996.07.01"]
[SourceQuality "1"]

1. c4 e5 2. Nc3 Bb4 3. Nd5 Bc5 $5 (3... Ba5 4. b4 c6 5. bxa5 cxd5 6. Nf3 $1 $14
) (3... Be7 $5) 4. b4 Bd4 5. Rb1 a5 $5 (5... c6 $5 6. e3 cxd5 (6... Bb6 7. Nxb6
axb6 8. Bb2 Qe7 9. Nf3 d6 10. c5 Nd7 11. cxd6 Qxd6 12. a3 b5 13. Qc2 Ngf6 14.
Be2 O-O 15. O-O $14 {Klostermann,M-Lehmann,K/GER/0|1/36/}) 7. exd4 exd4 8. cxd5
d6 9. Qe2+ $6 (9. Nf3 $5) 9... Ne7 10. Qb5+ Nd7 11. Nf3 O-O 12. Nxd4 a6 13. Qc4
Ne5 14. Qb3 Nf5 15. Nc2 Qh4 $17 {Hoffmann,H-Adamski,J/GER/1994/0|1/22/}) 6. e3
Ba7 7. b5 d6 (7... c6 8. b6 cxd5 9. bxa7 Rxa7 10. cxd5 $16) 8. Qa4 Bb6 (8... c6
$4 9. b6 $18) (8... Nd7 9. Qxa5 $18) 9. Nxb6 cxb6 10. Ba3 Nf6 11. Rd1 O-O 12.
d4 e4 13. Ne2 Re8 14. Nc3 Bg4 15. Rc1 (15. Be2 Bxe2 16. Nxe2 Qc7 $132) 15... h5
16. h3 Bf5 17. Be2 Qe7 18. Kd2 $1 (18. O-O Nbd7 19. Qd1 h4 $14) 18... Nbd7 19.
Rcg1 Qe6 20. Qd1 h4 21. g4 hxg3 22. fxg3 g5 (22... Bxh3 23. g4 $18) (22... Rac8
23. g4 Bg6 24. h4 $40) 23. g4 Bg6 24. h4 Rac8 (24... gxh4 25. Qe1 Kg7 26. Qxh4
Rh8 27. Qg3 $16) 25. hxg5 Nh7 26. Rh5 $1 f6 (26... Bxh5 27. gxh5 Rxc4 28. d5
$18) 27. gxf6 Bxh5 (27... Ndxf6 28. Rh6 Kg7 29. Rgh1 Ng5 30. d5 Qe7 31. Bb2 $18
) 28. gxh5+ Kh8 29. Nd5 Nhxf6 30. Nf4 Qf7 31. Qf1 Kh7 32. Qh3 Ng8 33. Bg4 $18
Qxc4 (33... Ngf6 34. Bf5+ Kh8 35. Ng6+ Kh7 36. Ne5+ $18) 34. Bf5+ Kh6 (34...
Kh8 35. Ng6+ Kg7 36. Ne5+ $18) 35. Rg6+ Kh7 36. Rxg8+ Kxg8 37. Qg4+ Kf8 (37...
Kf7 38. Qg6+ Ke7 39. Qxd6+ $18) 38. Bxd6+ Re7 39. Ne6+ (39. Ne6+ Ke8 40. Qg8+
Nf8 41. Qxf8+ Kd7 42. Qxe7#) 1-0

[Event "Vienna op"]
[Site "Vienna"]
[Date "1996.??.??"]
[Round "9"]
[White "Hickl, Joerg"]
[Black "Gofshtein, Leonid D"]
[Result "1-0"]
[WhiteElo "2600"]
[BlackElo "2545"]
[Annotator "Chekhov,V"]
[PlyCount "85"]
[EventDate "1996.??.??"]
[EventType "swiss"]
[EventRounds "9"]
[EventCountry "AUT"]
[SourceTitle "CBM 053 Extra"]
[Source "ChessBase"]
[SourceDate "1996.09.01"]
[SourceVersion "1"]
[SourceVersionDate "1996.09.01"]
[SourceQuality "1"]

1. g3 e5 2. Bg2 d6 3. c4 f5 4. Nc3 Nf6 5. d3 Be7 6. Nf3 O-O 7. O-O Kh8 (7...
Na6 $5 8. Rb1 c6 9. b4 Nc7 10. c5 Kh8 11. cxd6 Bxd6 12. b5 cxb5 13. Nxb5 Nxb5
14. Rxb5 a6 15. Rb1 Rb8 16. a4 b5 $10 {Kamsky,G-Malaniuk,V/Moscow/1994/0|1/52/}
) 8. Rb1 Qe8 (8... a5 9. a3 Qe8 10. c5 a4 11. cxd6 Bxd6 12. Nd2 Ra7 13. Nc4 Bc5
14. b3 axb3 15. Qxb3 {Seirawan,Y-Larsen,B/Lone Pine/1979/1|0/67/}) 9. b4 Qh5
10. e3 g5 11. Nd2 Qg6 (11... Qxd1 12. Rxd1 $14) 12. f4 Nbd7 13. Nf3 h6 14. Bb2
Kh7 15. Qd2 (15. fxe5 dxe5 16. Nb5 c6 17. Nc7 Rb8 18. Nxe5 Nxe5 19. Bxe5 Ng4
20. Bd4 Qd6 21. Bxa7 Qxc7 22. Bxb8 Qxb8 23. Qd2 Qe5 $36) 15... Bd8 16. Rbe1 Nh5
(16... c6 $5) 17. Ne2 Qe8 (17... g4 18. Nh4 Bxh4 19. gxh4 Qf6 20. fxe5 dxe5 21.
Ng3 Qxh4 22. Nxf5 $16) 18. Qc2 (18. h3 $5) 18... Ng7 19. h3 Bf6 20. Nc3 Kh8 (
20... c6 21. b5 $36) 21. g4 $5 c6 22. gxf5 gxf4 (22... Nxf5 23. fxg5 hxg5 24.
Ne4 $16) 23. exf4 Nxf5 24. d4 Ng3 25. dxe5 dxe5 26. Rf2 Bg7 27. fxe5 Nb6 28. e6
(28. Ne2 Bf5 29. Qb3 Ne4 30. Rff1 Be6 $132) 28... Nxc4 29. Ba1 Bxe6 30. Ne2 $1
Bxa1 (30... Nf5 31. Bxg7+ Nxg7 (31... Kxg7 32. Nf4 Nfe3 33. Qc3+ $16) 32. Ned4
$16) 31. Nxg3 Rg8 (31... Bg7 32. Rfe2 Qg6 33. Rxe6 Qxg3 34. Rg6 Qf4 35. Re4 Ne3
36. Qd3 Qf5 37. Rxe3 $18) 32. Rfe2 Rxg3 33. Rxe6 Qg8 34. Rxh6+ Kg7 35. Ree6 Kf8
36. Qf5+ Qf7 37. Rhf6 $18 Bxf6 38. Rxf6 Rxg2+ 39. Kh1 (39. Kxg2 $4 Ne3+ $19)
39... Rg7 40. Ng5 Nd6 41. Rxf7+ Rxf7 (41... Nxf7 42. Ne6+ $18) 42. Qe5 Rd8 43.
Ne6+ 1-0